000 00587nam a22001457a 4500
999 _c80305
_d80305
008 201130b ||||| |||| 00| 0 eng d
040 _bger
_cSTAFF
_erda
_aISIL EINTRAGEN
100 _aMausolf, Winfried
245 _aFrankfurts größte Baustelle macht Fortschritte:
_b[das neue Kraftwerk der Stadtwerke] /
_cWinfried Mausolf [Fotograf]
773 _dFrankfurt (Oder): Märkisches Verlags- und Druckhaus GmbH & Co KG
_g31. Jahrgang (2020) Nr. 284 vom 05.12. - 06.12.2020, S. 15
_tMärkische Oderzeitung
942 _cA